| 000 | 00673nam a2200253Ia 4500 | ||
|---|---|---|---|
| 008 | 170711s9999 xx 000 0 und d | ||
| 020 | _a9781741661910 | ||
| 050 | _a591.9 | ||
| 050 | _bC518 2007 | ||
| 100 | _aCheng, Christopher | ||
| 245 | _a30 amazing Australian animals / | ||
| 245 | _cChristopher Cheng. | ||
| 260 | _aNorth Sydney, NSW : | ||
| 260 | _bRandom House, | ||
| 260 | _c2007 | ||
| 300 | _a162 pages : | ||
| 300 | _billustrations ; | ||
| 300 | _c23cm. | ||
| 500 | _aIncludes bibliographic reference. | ||
| 650 | _aAnimals -- Australia. | ||
| 650 | _aAustralia. | ||
| 700 | _aTitle : Thirthy amazing Australian animals. | ||
| 700 | _aTitle. | ||
| 999 |
_c339902 _d339902 |
||